Mort subite Les enfants des années 20 - Statistiques

Statistiques générales
  • Ce quiz a été pris 25 fois
  • Le résultat moyen est 2 sur 40
Answers on the Grid
Answers color-coded by a green-red scale on the quiz's grid according to % correct below.
Charlie Parker
Mel Brooks
Ava Gardner
Petula Clark
Peter Sellers
Fausto Coppi
Line Renaud
Dario Moreno
Steve McQueen
Henri Salvador
Bill Haley
Michel Audiard
Kim Novak
Maria Callas
Nana Mouskouri
Marilyn Monroe
Jean-Marie Le Pen
François Truffaut
Francis Blanche
Barbara
William Holden
James Dean
François Mitterrand
Boris Vian
Danielle Darrieux
Jacqueline Maillan
Fernand Raynaud
Eric Tabarly
Dalida
Rita Hayworth
John Fitzgerald Kennedy
Georges Brassens
Primo Levi
Hugues Aufray
Rock Hudson
Boris Eltsine
Jimmy Carter
Édith Piaf
Jean-Marie Lustiger
Nina Simone
Jacques Faizant
Edouard Balladur
Yehudi Menuhin
Louis Malle
Yul Brynner
Pierre Richard
Guy Môquet
Paul Préboist
Lino Ventura
Grace Kelly
Antonella Lualdi
Bourvil
Simone Signoret
Curd Jürgens
Claude Piéplu
Nelson Mandela
Gilbert Bécaud
Ingrid Bergman
Gérard Philippe
Serge Gainsbourg
Philippe Noiret
Youri Gagarine
Ted Lapidus
Bernard Blier
Frank Sinatra
Claude Sautet
Kirk Douglas
Guy Lux
Judy Garland
Yves Coppens
Maurice Béjart
Omar Sharif
Pierre Mauroy
Paul Newman
Bernadette Chirac
Rosy Varte
Clint Eastwood
Raymond Barre
Simone Veil
Jack Kerouac
 
Statistiques - réponses
Réponse % Correct
1928 Line Renaud
100%
1920 Charlie Parker
50%
1926 Mel Brooks
50%
1922 Ava Gardner
0%
1925 Bill Haley
0%
1920 Boris Vian
0%
1923 Claude Piéplu
0%
1924 Claude Sautet
0%
1921 Dario Moreno
0%
1929 Edouard Balladur
0%
1926 Fernand Raynaud
0%
1921 Francis Blanche
0%
1921 Georges Brassens
0%
1922 Gérard Philippe
0%
1927 Gilbert Bécaud
0%
1929 Grace Kelly
0%
1924 Guy Môquet
0%
1929 Hugues Aufray
0%
1922 Jack Kerouac
0%
1923 Jacqueline Maillan
0%
1928 Jean-Marie Le Pen
0%
1926 Jean-Marie Lustiger
0%
1924 Jimmy Carter
0%
1922 Judy Garland
0%
1923 Maria Callas
0%
1926 Marilyn Monroe
0%
1927 Maurice Béjart
0%
1920 Michel Audiard
0%
1925 Paul Newman
0%
1927 Paul Préboist
0%
1925 Peter Sellers
0%
1928 Pierre Mauroy
0%
1924 Raymond Barre
0%
1925 Rock Hudson
0%
1923 Rosy Varte
0%
1928 Serge Gainsbourg
0%
1921 Simone Signoret
0%
1927 Simone Veil
0%
1929 Ted Lapidus
0%
1920 Yul Brynner
0%
Aucun quiz correspondant
Distribution des résultats
% des personnes avec chaque résultat
Percentile par nombre de réponses
Votre historique - résultats
Vous n’avez pas pris ce quiz